000 00852cam a22002533a 4500
001 3056
003 PGUSA
005 20140828083025.0
008 020201s2002||||xxu|||||s|||||000 1 eng d
040 _aPGUSA
_beng
042 _adc
050 4 _aPR
100 1 _aHardy, Thomas,
_d1840-1928
245 1 0 _aWessex Tales
_h[electronic resource] /
_cThomas Hardy
260 _bProject Gutenberg,
_c2002
505 0 _aAn imaginative woman -- The three strangers -- The withered arm -- Fellow-townsmen -- Interlopers at the Knap -- The distracted preacher.
506 _aPublic domain in the USA.
516 _aElectronic text
653 _aEngland -- Social life and customs -- 19th century -- Fiction
653 _aWessex (England) -- Fiction
830 0 _aProject Gutenberg
_v3056
856 4 0 _uhttp://www.gutenberg.org/ebooks/3056
942 _cEB
999 _c232385
_d232385